Littérature par lettre - A - Statistiques

Statistiques générales
  • Ce quiz a été pris 208 fois
  • Le résultat moyen est 10 sur 20
Statistiques - réponses
Questions Réponses % Correct
Quel petit héros gaulois a été dessiné par Uderzo ? Astérix
92%
Quel philosophe grec a créé le Lycée, un espace où beaucoup d'œuvres ont été rédigées ? Aristote
89%
Considérée comme l'une des plus grandes œuvres du XXème siècle, quel roman de Marcel Proust est composé de 7 Tomes ? A la recherche du temps perdu
75%
Quelle œuvre, ayant fait monter la célébrité de Lewis Caroll, marque la métaphore du passage de l'enfance à l'âge adulte ? Alice au pays des merveilles
75%
Quelle oeuvre de Sophocle met en scène _______ et Créon, au coeur d'une tragédie des oppositions ? Antigone
74%
Quel romancier danois du XIXème siècle est célèbre pour ses contes ? Hans Christian Andersen
63%
Quel célèbre mathématicien a rédigé "l'Encyclopédie" aux côtés de Diderot ? Jean le Rond d'Alembert
63%
Quelle figure de style marque la répétition d'un ou de plusieurs mots en tête de phrase, permettant de renforcer une idée ? Anaphore
60%
Quel roman de Margaret Mitchell avec Scarlett O'hara comme personnage a fait l'objet d'une adaptation cinématographique en 1939, sous la direction de Victor Fleming ? Autant en emporte le vent
60%
Quel auteur français mort de la grippe espagnole à la fin de la Première Guerre Mondiale a écrit "Le Pont Mirabeau" ? Guillaume Apollinaire
60%
Par quel auteur français du XXème siècle, cette tragédie a été reprise puis mise en scène durant la Seconde Guerre Mondiale ? Jean Anouilh
58%
Quelle figure de style marque l'opposition de deux pensées, de deux expressions que l'on rapproche dans le discours pour en faire mieux ressortir le contraste ? Antithèse
52%
Quel écrivain français, un des chefs de file du surréalisme a notamment écrit "Les Yeux d'Elsa", en hommage à Elsa Triolet ? Louis Aragon
51%
Quel roman de Zola, paru en 1882 constitue le 11ème roman des Rougon-Macquart avec Octave Mouret comme un des personnages centraux ? Au Bonheur des dames
34%
Quel dramaturge grec du Vème siècle (AVJC) est connu pour ses comédies satiriques, avec notamment "Les Guêpes" ou encore "Les Oiseaux" ? Aristophane
31%
Quelle figure de style se traduit par une énumération d'éléments ? Accumulation
30%
Quelle figure de style marque l'utilisation d'un mot, d'une locution dans un sens contraire au sens véritable par ironie ou euphémisme (ex : Eh bah bravo !) ? Antiphrase
27%
Quelle figure de style est une narration mettant en œuvre des éléments concrets, chaque élément correspondant à un contenu abstrait ? Allégorie
20%
Quel écrivain et philosophe français a notamment écrit "Démocratie et Totalitarisme" ? Raymond Aron
11%
Quelle figure de style marque l'absence de liaison entre deux termes ou groupes de termes en rapport étroit ? Asyndète
7%
Aucun quiz correspondant
Distribution des résultats
% des personnes avec chaque résultat
Percentile par nombre de réponses
Votre historique - résultats
Vous n’avez pas pris ce quiz